000 00335 a2200109 4500
001 ART_11935
005 20260410161901.0
008 260409a
245 1 0 _aCost-benefit analisys and project evaluation
100 1 _aDiewert, W. E.
773 0 _tJournal of public economics
_g- Vol. 22, NÂș 3 (dic. 1983)
_wREV11485
999 _c25957
_d25957